000 00390nam a22001457a 4500
020 _a8177584405
040 _cNUST
082 _a621.382
_bSKL
100 _aBernard Sklar
_9123378
245 _aDigital communications Fundamentals and Applications
250 _aSecond Edition
260 _aIndia:
_bPearson Education,
_c2006.
650 _aDigital communications
_9237
942 _2ddc
_cBK
999 _c609590
_d609590